Statistiche per Serie A Player of the Month - 2019-2020

Clicka qui per fare il quiz!

Statistiche generali

  • Questo quiz è stato fatto 14 volte
  • Il punteggio medio è 7 su 8

Statistiche sulle risposte

MeseNazioneSquadraCalciatore% Corretto
OttobreItaliaLazioCiro Immobile
100%
GennaioPortogalloJuventusCristiano Ronaldo
100%
FebbraioSpagnaLazioLuis Alberto
100%
LuglioArgentinaJuventusPaulo Dybala
100%
DicembreSerbiaLazioSergej Milinković-Savić
100%
GiugnoArgentinaAtalantaAlejandro Gómez
93%
NovembreBelgioCagliariRadja Nainggolan
79%
SettembreFranciaFiorentinaFranck Ribéry
71%

Distribuzione punteggi

Percentile per numero di risposta

Percentuale di utenti per punteggio

I tuoi punteggi nel tempo

Non hai fatto questo quiz